JetPunk will be down very briefly at 3:00PM EST (12:00PM PST, 8:00PM GST)

Statistics for We Didn't Start the Fire Lyrics

Click here to take the quiz!

General Stats

  • This quiz has been taken 311 times
  • The average score is 29 of 46

Answer Stats

Lyrics% Correct
We didn't start the {fire}
99%
It was always {burning}
97%
Since the world's been {turning}
97%
Eisenhower, Vaccine, England's got a new {queen}
94%
But we tried to {fight} it
92%
Brando, The King And I, and The {Catcher} in the Rye
90%
Dien Bien Phu Falls, Rock Around the {Clock}
88%
South Pacific, Walter Winchell, Joe {DiMaggio}
87%
Joseph {Stalin}, Malenkov, Nasser and Prokofiev
85%
{North} {Korea}, South Korea, Marilyn Monroe
85%
No we didn't {light} it
85%
Pope Paul, {Malcolm} X, British Politician sex
81%
Wheel of {Fortune}, Sally Ride, heavy metal, suicide
81%
Chubby Checker, Psycho, Belgians in the {Congo}
81%
J.F.K {blown} {away}, what else do I have to say
81%
Rockefeller, Campanella, Communist {Bloc}
80%
Hemingway, Eichmann, {Stranger} in a Strange Land
78%
Einstein, James Dean, {Brooklyn}'s got a winning team
77%
Davy Crockett, Peter Pan, Elvis Presley, {Disneyland}
73%
Birth control, Ho {Chi} {Minh}, Richard Nixon back again
71%
Princess Grace, Peyton Place, Trouble in the {Suez}
71%
Rosenberg's H-Bomb, Sugar {Ray}, Panmunjom
71%
Joe McCarthy, Richard Nixon, Studebaker, {Television}
71%
Dylan, Berlin, {Bay} {of} {Pigs} invasion
71%
Harry Truman, Doris Day, {Red China}, Johnny Ray
71%
Sputnik, Chou-En-Lai, Bridge on the River {Kwai}
68%
Lawrence of Arabia, British {Beatlemania}
65%
Rock and Roll, cola wars, {I} {can't} {take} {it} {anymore}
65%
Marciano, Liberace, Santayana {goodbye}
65%
Buddy Holly, Ben Hur, Space {Monkey}, Mafia
63%
Moonshot, Woodstock, Terror on the {airline}
60%
Bardot, Budapest, {Alabama}, Khrushchev
52%
Starkweather {Homicide}, Children of Thalidomide
47%
Foreign debts, homeless Vets, AIDS, Crack, {Bernie} Goetz
45%
Lebanon, Charles {de Gaulle}, California baseball
43%
Roy Cohn, Juan {Peron}, Toscanini, Dacron
42%
{Hypodermics} on the shore, China's under martial law
41%
{Little} Rock, Pasternak, Micky Mantle, Kerouac
38%
{Ayatollah}'s in Iran, Russians in Afghanistan
37%
Hula Hoops, Castro, {Edsel} is a no-go
35%
U2, Syngman {Rhee}, payola and Kennedy
31%
Ole Miss, John Glenn, {Liston} beats Patterson
29%
-chorus-
4%

Score Distribution

Percentile by Number Answered

Percent of People with Each Score

Your Score History

You have not taken this quiz